Estimation of the vulcanization time for rubbers by considering their linear viscoelastic response assessed by a plate-plate rheometer (Record no. 58841)

MARC details
000 -LEADER
fixed length control field 00572nam a2200181Ia 4500
100 ## - MAIN ENTRY--AUTHOR NAME
Personal name Gatos K G
245 #0 - TITLE STATEMENT
Title Estimation of the vulcanization time for rubbers by considering their linear viscoelastic response assessed by a plate-plate rheometer
260 ## - PUBLICATION, DISTRIBUTION, ETC. (IMPRINT)
Name of publisher Kautschuk Gummi Kunststoffe
Year of publication 2004
300 ## - PHYSICAL DESCRIPTION
Number of Pages 350-354
650 ## - SUBJECT ADDED ENTRY--TOPICAL TERM
Topical Term Curing
650 ## - SUBJECT ADDED ENTRY--TOPICAL TERM
Topical Term Linear viscoelastic properties
650 ## - SUBJECT ADDED ENTRY--TOPICAL TERM
Topical Term Plate-plate rheometer
650 ## - SUBJECT ADDED ENTRY--TOPICAL TERM
Topical Term Rubbers
650 ## - SUBJECT ADDED ENTRY--TOPICAL TERM
Topical Term Vulcanization
700 ## - ADDED ENTRY--PERSONAL NAME
Personal name Karger-Kocsis J
942 ## - ADDED ENTRY ELEMENTS (KOHA)
Koha item type Journals
Holdings
Withdrawn status Lost status Damaged status Not for loan Home library Current library Shelving location Date acquired Serial Enumeration / chronology Koha item type
      Journals RRII Library RRII Library Rubber chemistry 17/12/2021 Volume 57, Issue 08-Jul Journals